La bestia debe morir /

Mystery writer Felix Lane suffers a tragic loss; his nine-year-old son is killed in a hit-and-run car accident. Desperate for vengeance, Lane bypasses the authorities, adopts a new identity, and begins looking for clues that will lead him to the culprit. Based on Cecil Day-Lewis' influential 19...

Full description

Bibliographic Details
Uniform Title:Bestia debe morir (Motion picture : 1952)
Corporate Authors: Esmeralda Films (Firm : Argentina) (film production company.), Argentina Sono Film, UCLA Film and Television Archive, Film Noir Foundation
Other Authors: Viñoly Barreto, Román, 1904- (Screenwriter), Ibáñez Menta, Narciso, 1912- (Actor, Screenwriter), Vega, Milagros de la (Actor), Battaglia, Guillermo, 1889-1988 (Actor), Blake, Nicholas, 1904-1972
Format: Video Blu-ray Disc
Language:Spanish
Language Notes:In Spanish, with English subtitles. Closed-captioned in English.
Published: [Los Angeles, California] : Flicker Alley, [2021]
Edition:Deluxe Blu-ray edition.
Subjects:

MARC

Tag First Indicator Second Indicator Subfields
LEADER 00000cgm a2200000Ii 4500
001 in00004371721
005 20220105171232.0
007 vd bsaizm
008 211202t20212021cau104 vlspa d
020 |a 1893967964  |q (set) 
020 |a 9781893967960  |q (set) 
024 1 |a 617311687594 
028 4 2 |a FA0075  |b Flicker Alley 
035 |a (OCoLC)on1287039227 
035 |a (OCoLC)1287039227 
040 |a TXA  |b eng  |e rda  |c TXA  |d UtOrBLW 
041 1 |a spa  |j eng 
046 |k 1952  |2 edtf 
049 |a TXAM 
050 4 |a PN1995.9.S87  |b B48 2021b 
130 0 |a Bestia debe morir (Motion picture : 1952) 
245 1 3 |a La bestia debe morir /  |c Argentina Sono Film, Esmeralda Films presenta ; segun la famosa novela de Nicholas Blake ; adatada por la pantalla por Roman Viñoly Barreto y Narciso Ibáñez Menta ; distribuida mundialmente de Argentina Sono Film ; dirección, Román Viñoly Barreto. 
246 1 |i Also known as:  |a Beast must die 
250 |a Deluxe Blu-ray edition. 
257 |a Argentina  |2 naf 
264 1 |a [Los Angeles, California] :  |b Flicker Alley,  |c [2021] 
264 4 |c ©2021 
300 |a 1 videodisc (104 min.) :  |b sound, black and white ;  |c 4 3/4 in. 
336 |a two-dimensional moving image  |b tdi  |2 rdacontent 
337 |a video  |b v  |2 rdamedia 
338 |a videodisc  |b vd  |2 rdacarrier 
344 |a digital  |b optical  |2 rda 
347 |a video file  |b Blu-Ray  |e region A  |e region B  |e region C  |2 rda 
538 |a Blu-ray disc; regions A,B,C ; requires Blu-ray player. 
546 |a In Spanish, with English subtitles. Closed-captioned in English. 
511 1 |a Narciso Ibáñez Menta, Guillermo Battaglia, Milagros de la Vega. 
508 |a Director of photography, Alberto Etchebehere ; editor, José J. Serra ; music, Silvio Vernazza. 
500 |a Based on the novel "The beast must die" by Nicholas Blake. 
500 |a Originally produced as a motion picture in 1952; restored by UCLA Film & Television Archive. 
500 |a Originally issued as a part of Blu-ray disc/DVD double format edition. 
520 |a Mystery writer Felix Lane suffers a tragic loss; his nine-year-old son is killed in a hit-and-run car accident. Desperate for vengeance, Lane bypasses the authorities, adopts a new identity, and begins looking for clues that will lead him to the culprit. Based on Cecil Day-Lewis' influential 1936 novel The Beast Must Die (written as Nicholas Blake), Viñoly Barreto's film is a stunning adaptation of one of the true landmarks of crime fiction and psychological suspense. 
500 |a Special features include: Introduction to The Beast Must Die (La bestia debe morir) by author, historian, and "noirchaeologist" Eddie Muller ; Conversation between Argentine film archivist and historian Fernando Martín Peña and Daniel Viñoly, son of visionary director Román Viñoly Barreto ; profile of Actor Narciso Ibáñez Menta by film historian Fernando Martín Peña. 
650 0 |a Revenge  |v Drama.  |0 http://id.loc.gov/authorities/subjects/sh2008110765 
650 0 |a Fathers and sons  |v Drama.  |0 http://id.loc.gov/authorities/subjects/sh2008103501 
650 0 |a Authors  |v Drama.  |0 http://id.loc.gov/authorities/subjects/sh2007101627 
655 7 |a Feature films.  |2 lcgft  |0 http://id.loc.gov/authorities/genreForms/gf2011026247 
655 7 |a Detective and mystery films.  |2 lcgft  |0 http://id.loc.gov/authorities/genreForms/gf2011026195 
655 7 |a Thrillers (Motion pictures)  |2 lcgft  |0 http://id.loc.gov/authorities/genreForms/gf2011026692 
655 7 |a Fiction films.  |2 lcgft  |0 http://id.loc.gov/authorities/genreForms/gf2011026250 
700 1 |a Viñoly Barreto, Román,  |d 1904-  |e film director,  |e screenwriter.  |0 http://id.loc.gov/authorities/names/nr98042842 
700 1 |a Ibáñez Menta, Narciso,  |d 1912-  |e actor,  |e screenwriter.  |0 http://id.loc.gov/authorities/names/nr98030670 
700 1 |a Vega, Milagros de la,  |e actor.  |0 http://id.loc.gov/authorities/names/n80096219 
700 1 |a Battaglia, Guillermo,  |d 1889-1988,  |e actor.  |0 http://id.loc.gov/authorities/names/nr99005385 
700 1 |i Motion picture adaptation of (work):  |a Blake, Nicholas,  |d 1904-1972.  |t Beast must die. 
710 2 |a Esmeralda Films (Firm : Argentina),  |e film production company.  |0 http://id.loc.gov/authorities/names/nr99005376 
710 2 |a Argentina Sono Film.  |0 http://id.loc.gov/authorities/names/n85105083 
710 2 |a UCLA Film and Television Archive.  |0 http://id.loc.gov/authorities/names/n90634767 
710 2 |a Film Noir Foundation.  |0 http://id.loc.gov/authorities/names/no2011114206 
710 2 |a Flicker Alley (Firm),  |e publisher,  |e film distributor.  |0 http://id.loc.gov/authorities/names/nr2003009442 
948 |a cataloged  |b h  |c 2021/12/2  |d o  |e tchubaryan  |f 6:59:05 pm 
994 |a C0  |b TXA 
999 f f |s a94826cb-5cc4-370b-a7f6-7aecd40118b9  |i 2f83c4b1-6aa6-3086-bbf4-65eae7c9656d  |t 0 
952 f f |p bluray  |a Texas A&M University  |b College Station  |c Sterling C. Evans Library  |d Evans: Media and Reserves (Annex 1st floor)  |t 0  |e PN1995.9.S87 B48 2021b  |h Library of Congress classification  |i video -- videodisc  |m A14851202383 
998 f f |a PN1995.9.S87 B48 2021b  |t 0  |l Evans: Media and Reserves (Annex 1st floor)